| 000 | 01180 a2200229 4500 | ||
|---|---|---|---|
| 001 | 63941 | ||
| 005 | 20260521160827.0 | ||
| 008 | 260521a1996 arg spa d | ||
| 003 | AR-UNSa-BCEJYS | ||
| 040 |
_aAR-UNSa-BCEJYS _bspa _cAR-UNSa-BCEJYS |
||
| 080 |
_a658.011.4 _xProductividad. Eficiencia. Éxito (Competitividad, Emprendimiento de proyectos) |
||
| 245 | 1 | 0 |
_aLa empresa competitiva: grandeza y decadencia _pEl cambio hacia una organización vivible |
| 020 | _a978-956-278-011-7 | ||
| 264 | 1 |
_aSantiago : _bMcGraw-Hill _c1996 |
|
| 300 |
_a356 p. _c25 cm. |
||
| 505 | _a1. El lado oculto de la organización - 2. Imágenes y símbolos de la organización - 3. Armonía y disonancia- 4. El falso dilema de competir o desaparecer 5. Discurso y praxis competitiva - 6. El discurso ideológico - 7. Las trampas del lenguaje - 8. El mundo de las apariencias - 9. Dialectica del suceso y la estructura - 10. Construyendo la organización vivible - | ||
| 041 | _aspa | ||
| 942 | _cBK | ||
| 590 | _aniveau_biblio:m niveau_hierar:0 | ||
| 100 | 1 | _aEtkin, Jorge Ricardo | |
| 856 | 4 | 1 |
_uhttps://www.biblioeco.unsa.edu.ar/pmb/images/libros/L70447.jpg _yImagen de portada _qimage/jpeg |
| 999 |
_c36426 _d36426 |
||